000 00841nam a2200241 i 4500
001 38025
003 ES-MaACL
007 t|
008 030224s1982 sp ||||1| spa d
100 1 _aCabanne, Pierre.
_933149
245 1 3 _aEl siglo de Picasso /
_cPierre Cabanne ; [traduccíón: María Fortunata Prieto Barral].
260 _a[Madrid] :
_bMinisterio de Cultura,
_c[1982]
300 _a2 v. ;
_c23 cm.
505 8 _aContiene: V. I: El nacimiento del cubismo. Las metamorfosis. -- V. II: La guerra. Gloria y soledad
700 1 _aPrieto Barral, María Fortunata.
_993911
710 1 _aEspaña.
_bMinisterio de Cultura
_93850
740 3 _aEl nacimiento del Cubismo.
740 4 _aLas metamorfosis.
740 3 _aLa guerra.
740 0 _aGloria y soledad.
852 _aES-MaACL
_jL-3633-4
_bR.104270
999 _c38025
_d38025